| 000 | 00323nam a22001217a 4500 | ||
|---|---|---|---|
| 020 | _a047123592 | ||
| 082 |
_222 _a338.064 |
||
| 100 | _aGulati, Ranjay : Sawhrey, | ||
| 245 | _aKollogg on technology and innovation / | ||
| 260 |
_aJohn Willey and Sons inc, _cc 2008. |
||
| 300 |
_axlll, 354p, ; _bNA _c24 cm. |
||
| 942 |
_2ddc _cGEN |
||
| 999 |
_c4094 _d4094 |
||